000 004550000a22001810004500
003 MACL
005 20151018125830.0
008 151018b xxu||||| |||| 00| 0 eng d
040 _aMACL
_cMACL
041 _aEnglish
082 _a920/NIZ
100 _aNizami, K A
_915799
245 _aSayyid Ahmad Khan
_bBuilders of Modern India
260 _bPublicaton Division
_c1965
_aNew Delhi
350 _a4
650 _aBiography
_915801
942 _cBK
_k920
_2ddc
999 _c7282
_d7282